000 00355nam a2200145Ia 4500
008 150201s2011 xx 000 0 und d
082 _a611.313
_bD2011K
100 _aG.S.KUMAR
245 _aORBANS ORAL HISTOLOGY & EMBRYOLOGY
250 _a13TH
260 _bELSEVIER
_aDELHI
_c2011
300 _a1-427
650 _aORAL HISTOLOGY
942 _2ddc
_cBK
_024
999 _c4710
_d4710